Personnages apparus sur des affiches de films Marvel - Statistiques

Statistiques générales
  • Ce quiz a été pris 64 fois
    49 depuis la dernière actualisation
  • Le résultat moyen est 45 sur 136
Statistiques - réponses
Nombre d'affiches Première apparition Personnage % Correct
3 Captain America : Civil War Sam Wilson | Faucon | Captain America
100%
7 Captain America : First Avenger Steve Rogers | Captain America
100%
8 Thor Thor
100%
9 Iron Man Tony Stark | Iron Man
100%
6 L'Incroyable Hulk Bruce Banner | Hulk
97%
8 Iron Man 2 Natasha Romanoff | Black Widow
92%
4 Spider-Man : Homecoming Peter Parker | Spider-Man
92%
4 Les Gardiens de la Galaxie Peter Quill | Star Lord
89%
4 Ant-Man Scott Lang | Ant-Man
89%
4 Avengers Clint Barton | Hawkeye | Ronin
86%
4 Les Gardiens de la Galaxie Gamora
86%
4 Les Gardiens de la Galaxie Groot
86%
3 Thor Loki
86%
4 Doctor Strange Stephen Strange | Doctor Strange
86%
5 Captain America : Le Soldat de l'Hiver Bucky Barnes | Soldat de l'hiver
84%
5 Les Gardiens de la Galaxie Rocket
84%
3 Captain America : Civil War T'Challa | Black Panther
84%
2 Avengers : Infinity War Thanos
81%
4 Avengers : l'ère d'Ultron Wanda Maximoff | Sorcière Rouge
81%
4 Les Gardiens de la Galaxie Drax
78%
5 Iron Man James Rhodes | War Machine
78%
1 Avengers : l'ère d'Ultron Ultron
78%
3 Ant-Man Hope van Dyne | La Guêpe
76%
5 Avengers Nick Fury
76%
3 Captain Marvel Carole Danvers | Captain Marvel
70%
3 Les Gardiens de la Galaxie Vol.2 Mantis
70%
4 Les Gardiens de la Galaxie Vol.2 Nebula
68%
3 Black Panther Shuri | Black Panther
68%
2 Iron Man Pepper Potts | Rescue
62%
3 Thor Odin
59%
2 Thor : Ragnarok Valkyrie
59%
3 Thor Jane Foster | Mighty Thor
57%
1 Captain America : Brave New World Joaquin Torres | Faucon
54%
1 Shang-Chi et la Légende des Dix Anneaux Shang-Chi
54%
2 Spider-Man : Homecoming Michelle Jones
51%
3 Avengers : l'ère d'Ultron Vision
51%
1 Black Panther Erik Killmonger | N'Jadaka | Black Panther
49%
3 Ant-Man Hank Pym
49%
1 Captain America : First Avenger Peggy Carter
49%
1 Spider-Man : Far From Home Quentin Beck | Mysterio
49%
1 Les Gardiens de la Galaxie Vol.2 Yondu
49%
1 Les Quatre Fantastiques : Premiers Pas Ben Grimm | Chose
46%
1 Les Quatre Fantastiques : Premiers Pas Johnny Storm | Torche Humaine
46%
1 Les Quatre Fantastiques : Premiers Pas Reed Richards | Mr. Fantastique
46%
1 Les Quatre Fantastiques : Premiers Pas Sue Storm | Femme Invisible
46%
1 Deadpool & Wolverine Deadpool
43%
1 Deadpool & Wolverine Logan | Wolverine
43%
4 Black Panther Okoye
43%
1 Avengers : l'ère d'Ultron Pietro Maximoff
43%
1 Thor : Ragnarok Hela
41%
1 Captain America : First Avenger Johann Schmidt | Crâne Rouge
41%
1 Ant-Man et la Guêpe : Quantumania Cassie Lang | Stature
38%
1 Spider-Man : Homecoming Adrian Toomes | Vautour
32%
2 Black Widow Alexei Shostakov | Red Guardian
32%
1 Ant-Man Darren Cross | Yellowjacket
32%
2 Black Widow Yelena Belova
32%
3 Thor Heimdall
30%
2 Ant-Man et la Guêpe Janet van Dyne
30%
1 The Marvels Kamala Khan | Miss Marvel
30%
1 Captain America : Brave New World Thaddeus Ross | Red Hulk
30%
2 Ant-Man et la Guêpe Ava Starr | Ghost
27%
1 Spider-Man : Homecoming May Parker
27%
2 Avengers : Infinity War Wong
27%
2 Black Widow Antonia Dreykov | Taskmaster
24%
1 Les Éternels Ikaris
24%
1 Spider-Man : No Way Home Otto Octavius | Docteur Octopus
24%
1 Ant-Man et la Guêpe : Quantumania Kang
22%
1 Black Panther : Wakanda Forever M'Baku
22%
1 The Marvels Monica Rambeau
22%
2 Black Panther Nakia
22%
1 Spider-Man : Homecoming Happy Hogan
19%
1 Iron Man Obadiah Stane | Iron Monger
19%
1 Thor : le Monde des Ténèbres Sif
19%
1 Captain America : Le Soldat de l'Hiver Alexander Pierce
16%
1 Black Panther Everett Ross
16%
1 Captain America : First Avenger Howard Stark
16%
2 Ant-Man Luis
16%
1 Spider-Man : No Way Home Max Dillon | Électro
16%
2 Black Panther Ramonda
16%
1 Spider-Man : No Way Home Curt Connors | Lézard
14%
1 Thor : Love and Thunder Korg
14%
1 Thor : le Monde des Ténèbres Malekith
14%
1 Black Panther Ulysses Klaue
14%
1 Doctor Strange in the Multiverse of Madness Christine Palmer
11%
1 Thor : Love and Thunder Gorr
11%
1 Iron Man 2 Ivan Vanko | Whiplash
11%
1 Les Éternels Makkari
11%
1 Spider-Man : No Way Home Norman Osborn | Bouffon Vert
11%
1 Les Éternels Sersi
11%
1 Les Éternels Sprite
11%
1 Les Éternels Théna
11%
1 Shang-Chi et la Légende des Dix Anneaux Xu Wenwu | Mandarin
11%
1 Captain America : First Avenger Dum Dum Dugan
8%
1 Thor : le Monde des Ténèbres Fandral
8%
1 Thor : le Monde des Ténèbres Hogun
8%
1 Black Panther : Wakanda Forever Namor | K'uk'ulkan
8%
1 Thor : le Monde des Ténèbres Volstagg
8%
1 Les Éternels Ajak
5%
1 Captain America : First Avenger Chester Phillips
5%
1 Les Gardiens de la Galaxie Vol.3 Cosmo
5%
1 Black Widow Dreykov
5%
1 Les Éternels Druig
5%
1 The Marvels Goose
5%
1 Thor : Ragnarok Grand Maître
5%
1 Spider-Man : Homecoming Jackson Brice | Shocker
5%
1 Captain America : First Avenger Jim Morita
5%
1 Thunderbolts* John Walker | U.S. Agent
5%
1 Doctor Strange in the Multiverse of Madness Karl Mordo
5%
1 Les Éternels Kingo
5%
1 Les Gardiens de la Galaxie Vol.3 Kraglin Obfonteri
5%
1 Black Panther : Wakanda Forever Namora
5%
1 Les Éternels Phastos
5%
1 Shang-Chi et la Légende des Dix Anneaux Xu Xialing
5%
1 Shang-Chi et la Légende des Dix Anneaux Ying Nan
5%
1 Black Panther Zuri
5%
1 Doctor Strange in the Multiverse of Madness America Chaves
3%
1 Les Gardiens de la Galaxie Vol.2 Ayesha
3%
1 Ant-Man et la Guêpe Bill Foster
3%
1 Shang-Chi et la Légende des Dix Anneaux Emil Blonsky | Abomination
3%
1 Captain America : First Avenger Gabe Jones
3%
1 Les Éternels Gilgamesh
3%
1 Les Quatre Fantastiques : Premiers Pas H.E.R.B.I.E.
3%
1 Captain America : First Avenger James Montgomery Falsworth
3%
1 Ant-Man Jim Paxton
3%
1 Shang-Chi et la Légende des Dix Anneaux Katy Chen
3%
1 Shang-Chi et la Légende des Dix Anneaux Mattias | Razor Fist
3%
1 Black Widow Melina Vostokoff
3%
1 Black Widow Rick Mason
3%
1 Black Panther W'Kabi
3%
1 Les Gardiens de la Galaxie Vol.2 Abilisk
0%
1 Black Panther : Wakanda Forever Attuma
0%
1 Doctor Strange in the Multiverse of Madness Gargantos
0%
1 Captain America : Brave New World Ruth Bat-Seraph
0%
1 Captain America : Brave New World Seth Voelker | Sidewinder
0%
1 Ant-Man et la Guêpe Sonny Burch
0%
1 Thor : Love and Thunder Warsong
0%
Aucun quiz correspondant
Distribution des résultats
% des personnes avec chaque résultat
Percentile par nombre de réponses
Votre historique - résultats
Vous n’avez pas pris ce quiz depuis la dernière actualisation